équipe de National 1 - Statistiques

Statistiques générales
  • Ce quiz a été pris 8 fois
  • Le résultat moyen est 8 sur 18
Statistiques - réponses
# Clubs % Correct
5 Châteauroux
75%
2 Orléans
75%
8 Boulogne
63%
6 Dunkerque
63%
17 Epinal
63%
1 Strasbourg
63%
18 Fréjus
50%
3 Amiens SC
38%
7 Avranches
38%
14 Belfort
38%
10 Béziers
38%
13 CA Bastia
38%
9 Chambly
38%
15 Les Herbiers
38%
16 Colmar
25%
11 Luçon
25%
12 Sedan
25%
4 Athlético
13%
Aucun quiz correspondant
Distribution des résultats
% des personnes avec chaque résultat
Percentile par nombre de réponses
Votre historique - résultats
Vous n’avez pas pris ce quiz